000 00260nam a2200109Ia 4500
008 220204s9999 xx 000 0 und d
082 _a678.4:678.023
_bSTE
100 _aStewart, E J
245 0 _aIntroduction to compound design
260 _c1984
942 _cBK
999 _c39425
_d39425